| 000 | 00438nam a2200169 a 4500 | ||
|---|---|---|---|
| 005 | 20140311163004.0 | ||
| 008 | 041203s19uu xx 00 eng d | ||
| 020 | _a0670801860 | ||
| 050 |
_aPR 6052.E44 _b.B455 1986 |
||
| 100 | _aBemmann, Hans | ||
| 245 |
_aThe stone and the flute/. _cHans Bemmann |
||
| 260 |
_aNew York ; _bViking, _c1986. |
||
| 300 |
_a855 p. : _c24 cm. |
||
| 650 | _aFiction. | ||
| 942 |
_cBK _2lcc |
||
| 999 |
_c39286 _d39286 |
||